[Event "Michigan Amateur"]
[Site "Kalamazoo, MI"]
[Date "2000.07.30"]
[Round "5.3"]
[White "Semerciyan, Mike"]
[Black "Smith, Les L"]
[Result "0-1"]
[WhiteElo "1800"]
[BlackElo "1800"]
[Annotator "Jeff Aldrich"]
[PlyCount "90"]
[EventDate "2000.07.29"]

{Reti: Dutch} 1. Nf3 f5 2. b3 Nf6 3. Bb2 e6 4. e3 d5 5. Be2 Bd6 6. O-O O-O 7.
c4 Bd7 8. Ne5 c6 9. f4 Be8 10. d4 Nbd7 11. Nd2 Ne4 12. Nxe4 dxe4 {With the
center locked up, the game will be played on the wings.} 13. Kh1 Qh4 14. a3 Rd8
15. g3 Qe7 16. Qe1 Nf6 17. b4 Bh5 18. Bxh5 Nxh5 19. Rd1 Nf6 20. c5 Bc7 21. Kg2
Rd5 22. h3 Rfd8 23. Rc1 Qe8 24. Bc3 Qh5 25. Rc2 g5 26. Rcf2 Kf8 27. fxg5 Qxg5
28. g4 $6 {Hoping to open the f-file, but his own king's position seems to be
a bit more drafty.} h5 ({An interesting idea is} 28... Bxe5 29. dxe5 Nxg4 30.
hxg4 Qxg4+ 31. Kh1 Rd1) 29. Rf4 hxg4 30. h4 Qh6 31. h5 Bxe5 {With the pawns
locked up the black knight will be much better the white's bishop. This also
has the added bonus of opening the d-file for black's rooks.} 32. dxe5 Nh7 33.
Rxe4 Ke7 34. Ref4 Ng5 35. Bd4 $2 ({With} 35. Qh4) ({or} 35. Rh1 {white saves
the exchange, but he still has a tough game.}) 35... Nh3 36. Qb1 Nxf4+ 37. Rxf4
Qxh5 38. Qh1 Rh8 39. Qxh5 Rxh5 40. a4 a6 41. Rf1 Rh3 42. Rh1 Rxh1 43. Kxh1 Kf7
44. Kg2 Kg6 45. Kg3 Rd7 0-1

[Event "Michigan Amateur"]
[Site "Kalamazoo, MI"]
[Date "2000.07.30"]
[Round "4.5"]
[White "Semerciyan, Mike"]
[Black "Coleman, John"]
[Result "1-0"]
[WhiteElo "1800"]
[BlackElo "1930"]
[Annotator "Jeff Aldrich"]
[PlyCount "87"]
[EventDate "2000.07.29"]

{Slav: Modern Exchange} 1. Nf3 Nf6 2. g3 d5 3. Bg2 c5 4. c3 Nc6 5. d4 cxd4 6.
cxd4 b6 7. Nc3 Bb7 8. Ne5 e6 9. Qa4 Bb4 10. O-O Bxc3 11. bxc3 Qc8 12. Ba3 {
DIAGRAM Black has given up his dark-squared bishop for a knight and his king
is stuck in the center. He problems are just beginning as he will have to work
just to get caslted. White will continue to build on his positional advantage.}
Nd7 13. Nxc6 Bxc6 14. Qb4 Qd8 15. c4 Nf6 16. Rac1 a5 17. Qb2 Rb8 18. Rfe1 b5
19. cxb5 Bxb5 20. Qc2 Bc4 21. e4 Qd7 22. f4 Rc8 23. e5 Ng8 24. Bc5 Ne7 25. Rb1
O-O 26. Rb6 Rb8 27. Reb1 Rxb6 28. Rxb6 Rc8 29. Qb2 Nc6 30. Bf1 Bxf1 31. Kxf1 g6
32. Qb5 h5 33. a4 Kg7 34. Kg2 f6 $6 {Black's attempts to free himself have
done nothing more than expose his king.} 35. Rb7 Rc7 36. Rxc7 Qxc7 37. Qa6 fxe5
38. fxe5 Kf7 39. Qf1+ Kg7 40. Qf6+ Kh7 41. Qxe6 Nb4 42. Kh3 Qb7 43. Be7 Qc6 44.
Qf7+ 1-0

[Event "Michigan Amateur"]
[Site "Kalamazoo, MI"]
[Date "2000.07.30"]
[Round "4"]
[White "Saylor, Oliver"]
[Black "Hassen, Matt"]
[Result "0-1"]
[WhiteElo "1268"]
[BlackElo "712"]
[PlyCount "88"]
[EventDate "2000.07.29"]

1. e4 c5 2. Nf3 d6 3. c3 Nf6 4. d3 g6 5. Be2 Bg7 6. Be3 b6 7. O-O O-O 8. h3 e5
9. Nbd2 Nc6 10. Nb3 c4 11. Nbd2 cxd3 12. Bxd3 d5 13. exd5 Nxd5 14. Bg5 Bf6 15.
Bxf6 Nxf6 16. Re1 Qxd3 17. Nxe5 Nxe5 18. Rxe5 Re8 19. Rg5 Ba6 20. Rg3 Qd5 21.
Qc2 Re2 22. Rd1 Rd8 23. Rf3 Rxd2 24. Rxd2 Qxd2 25. Qxd2 Rxd2 26. Rxf6 Rxb2 27.
a4 Bd3 28. Rd6 Rd2 29. c4 Rd1+ 30. Kh2 Bc2 31. Rxd1 Bxd1 32. a5 bxa5 33. c5 Kf8
34. Kg3 a4 35. c6 Ke8 36. Kf4 a3 37. Ke5 a2 38. Kd6 Kd8 39. c7+ Kc8 40. Ke7
Kxc7 41. f4 a1=Q 42. Kxf7 Bb3+ 43. Ke7 Qg7+ 44. Ke8 Ba4# 0-1

[Event "Michigan Amateur"]
[Site "Kalamazoo, MI"]
[Date "2000.07.30"]
[Round "4"]
[White "Robertson, John"]
[Black "Choate, Eric"]
[Result "0-1"]
[WhiteElo "1480"]
[BlackElo "1187"]
[PlyCount "72"]
[EventDate "2000.07.29"]

1. e4 e5 2. Nf3 d6 3. d4 exd4 4. Nxd4 Nf6 5. Nc3 Bd7 6. Bc4 Nc6 7. O-O Be7 8.
h3 O-O 9. Be3 h6 10. f4 a6 11. Be2 Nh7 12. Bf3 Bf6 13. Nd5 Re8 14. Qd3 Nxd4 15.
Nxf6+ Nxf6 16. Bxd4 Bc6 17. Rad1 Re6 18. Rf2 d5 19. e5 Ne4 20. Bxe4 dxe4 21.
Qe3 Qd5 22. b3 Rd8 23. Rfd2 Re7 24. Bc3 Qe6 25. Rxd8+ Kh7 26. Rf1 Rd7 27. f5
Qe7 28. Rxd7 Qxd7 29. e6 fxe6 30. fxe6 Qxe6 31. Qg3 Qd7 32. Qe5 Kg8 33. Rf4 e3
34. Qxe3 Qd1+ 35. Rf1 Qxc2 36. Qd4 Qxg2# 0-1

[Event "Michigan Amateur"]
[Site "Kalamazoo, MI"]
[Date "2000.07.30"]
[Round "4.13"]
[White "Maldonado, Florentino"]
[Black "Raban, David"]
[Result "1-0"]
[WhiteElo "1245"]
[BlackElo "1586"]
[PlyCount "47"]
[EventDate "2000.07.29"]

1. e4 e6 2. d4 d5 3. exd5 exd5 4. c4 c6 5. Nc3 Nf6 6. Bg5 Bb4 7. Qf3 Be7 8.
Bxf6 Bxf6 9. cxd5 Bxd4 10. Qe4+ Qe7 11. Qxe7+ Kxe7 12. Nge2 Bxc3+ 13. Nxc3 Rd8
14. Rd1 Rd6 15. Bc4 Bf5 16. O-O Kf8 17. dxc6 Rxc6 18. Bb5 Rg6 19. Rd8+ Ke7 20.
Re8+ Kd6 21. Rd1+ Kc7 22. Nd5+ Kd6 23. Nf4+ Kc5 24. Rd5+ 1-0

[Event "Michigan Amateur"]
[Site "Kalamazoo, MI"]
[Date "2000.07.30"]
[Round "4.8"]
[White "Henry, Robynne"]
[Black "Skidmore, Mike"]
[Result "1-0"]
[WhiteElo "1435"]
[BlackElo "1800"]
[Annotator "Jeff Aldrich"]
[PlyCount "49"]
[EventDate "2000.07.29"]

{Caro-Kann} 1. e4 c6 2. Nf3 d5 3. e5 Bg4 4. d4 e6 5. Bd3 Nd7 6. O-O Ne7 7. h3
Bh5 8. c3 Bg6 9. Bg5 Bxd3 {I don't think that black needs to be in such a
hurry to trade this bishop at this point. If white initiates the trade, black
gets an open h-file to attack down.} 10. Qxd3 Qb6 11. Bxe7 Bxe7 12. b3 O-O-O
13. Nbd2 h5 14. c4 dxc4 15. Nxc4 Qc7 16. Qc3 g5 17. Nd6+ Bxd6 18. exd6 Qxd6 19.
Nxg5 Qf4 20. Qg3 Qf6 $2 {DIAGRAM} ({Better is} 20... Qf5 {so that black has
time to defend the d6 square.}) 21. Ne4 Qxd4 22. Nd6+ Kb8 23. Nxf7+ e5 24. Nxh8
Rxh8 25. Rad1 {The queen cannot get back to defend the knight, so black will
be down a rook with an exposed king.} 1-0

[Event "Michigan Amateur"]
[Site "Kalamazoo, MI"]
[Date "2000.07.30"]
[Round "4.16"]
[White "Heeter, Brian"]
[Black "Aldrich, Jeff"]
[Result "0-1"]
[WhiteElo "1454"]
[BlackElo "1944"]
[Annotator "Jeff Aldrich"]
[PlyCount "74"]
[EventDate "2000.07.29"]

{Nimzovich: Classical} 1. b3 d5 2. Bb2 Bf5 3. e3 Nd7 4. Nf3 Ngf6 5. d3 e6 6.
Nbd2 Bd6 {I am in unfamiliar opening territory here, which something that
often gives me problems. All 4 minor pieces to active central squares and I am
happy with my set-up.} 7. Nh4 Bg6 8. Nxg6 hxg6 {I often see this king-side
pawn formation while playing the Caro-Kann. It has never given me any real
problems, even after castling.} 9. h3 Qe7 10. Be2 e5 11. e4 c6 12. Bf3 Bc5 13.
Qe2 O-O 14. Rb1 Rad8 15. O-O Rfe8 16. Rfe1 d4 {Figuring that since I have 2
knights and my opponent has 2 bishops, it is preferable to keep the lines
closed.} 17. Rbd1 Bb4 18. Rf1 Nf8 {Eyeing the f5-square.} 19. Bg4 Ne6 20. Bxe6
Qxe6 21. Nf3 Nh5 22. Bc1 Be7 {The bishop has done its job on the queen side
and it time for a re-direction.} 23. h4 f6 24. Rde1 Nf4 25. Bxf4 exf4 26. Qd2
g5 27. h5 $2 {Hanging the pawn and giving black a line of attack down the
h-file.} ({Preferable is} 27. e5 {taking advantage of the queen being on the
e-file.}) 27... Kf7 28. e5 f5 29. g3 Rh8 30. Kg2 g4 31. Nh4 Bxh4 32. gxh4 f3+
33. Kg3 Rxh5 34. Rh1 Rdh8 35. Qf4 {DIAGRAM} g5 $1 {The final pawn of the pawn
clump joins the attack and brings home the point.} 36. hxg5 ({No better is} 36.
Qd2 f4+ 37. Kh2 Rxh4+ 38. Kg1 Rxh1#) 36... Rh3+ 37. Rxh3 Rxh3# 0-1

[Event "Michigan Amateur"]
[Site "Kalamazoo, MI"]
[Date "2000.07.30"]
[Round "5"]
[White "Farmand, Farnood"]
[Black "Shelton, Harold"]
[Result "0-1"]
[WhiteElo "1641"]
[BlackElo "1139"]
[PlyCount "56"]
[EventDate "2000.07.29"]

1. e4 e6 2. d4 d5 3. exd5 exd5 4. Nf3 Bg4 5. Be2 Qe7 6. O-O Qd8 7. Ne5 Bxe2 8.
Qxe2 Be7 9. Re1 Nf6 10. Bg5 O-O 11. Ng6 fxg6 12. Qxe7 Qxe7 13. Rxe7 Ne4 14. Be3
Na6 15. c4 Nf6 16. Nd2 b6 17. Bg5 c6 18. Rae1 Nb4 19. Bxf6 gxf6 20. R1e6 Rf7
21. a3 Rxe7 22. Rxe7 Nc2 23. cxd5 Nxd4 24. dxc6 Nxc6 25. Re6 Rd8 26. Nf1 Nd4
27. Re1 Kf7 28. g3 Nf3+ 0-1

[Event "Michigan Amateur"]
[Site "Kalamazoo, MI"]
[Date "2000.07.30"]
[Round "5"]
[White "Clark, Richard"]
[Black "Peisert, Christopher"]
[Result "1-0"]
[WhiteElo "1193"]
[BlackElo "1557"]
[Annotator "Jeff Aldrich"]
[PlyCount "65"]
[EventDate "2000.07.29"]

{Reti: Symmetrical (King's Indian)} 1. Nf3 Nf6 2. g3 d5 3. d3 h6 $6 {This move
is a waste of time.} ({Something like} 3... c5 {or}) (3... Bf5 {continues
black's deveoplment.}) 4. Bg2 Nc6 5. O-O Bg4 6. Nbd2 e6 7. b3 Bd6 8. Bb2 O-O 9.
c4 Bb4 10. Qc2 Bxd2 11. Qxd2 Re8 12. Ne5 Ne7 13. Nxg4 Nxg4 {DIAGRAM White has
2 fianchettoed bishops with plenty of space versus black's 2 knights. White
has a big advantage.} 14. f3 Nf6 15. Bxf6 gxf6 16. Qxh6 Nf5 17. Qf4 d4 18. Kf2
Ne3 19. Rh1 Kf8 20. h4 Ke7 21. Rh3 {White has now squandered much of the
advantage by allowing the knight a good post and keeping his bishop restrained
behind his f-pawn.} c5 22. h5 Qd7 23. g4 Rg8 24. Rg3 Rg5 25. Qe4 $6 {This move
gives up control of the dark-squares.} ({White would be better off with} 25.
Rh1 {followed by pushing the h-pawn.}) 25... Rag8 26. Bh3 Qc7 27. Rag1 f5 28.
gxf5 {DIAGRAM} Qxg3+ $4 ({With} 28... Nd1+ $3 {the white king must abandon the
rook.}) 29. Rxg3 Rxg3 30. f6+ Kd6 $2 {Black needs to keep his king close to
the king side to help with the h-pawn} 31. Qf4+ Kd7 32. Qxg3 Rxg3 33. Kxg3 {
after 33... Ke8 34. h6 Kf8 35. h7 and the king is cut-off from the pawns.} 1-0

[Event "Michigan Amateur"]
[Site "Kalamazoo, MI"]
[Date "2000.07.30"]
[Round "4.10"]
[White "Cahill, David"]
[Black "Dorrington, Eldon"]
[Result "1-0"]
[WhiteElo "1305"]
[BlackElo "1691"]
[PlyCount "115"]
[EventDate "2000.07.29"]

1. e4 c6 2. d4 d5 3. Nc3 dxe4 4. Nxe4 Bf5 5. Ng3 Bg6 6. h4 h6 7. Nf3 Nf6 8. h5
Bh7 9. Bd3 Bxd3 10. Qxd3 e6 11. Bd2 Nbd7 12. O-O-O Qc7 13. Qe2 O-O-O 14. c4 Be7
15. Bc3 Rde8 16. Rhe1 Kb8 17. Ne5 Nxe5 18. dxe5 Nd7 19. Qg4 Rhg8 20. Qd4 Rd8
21. Ne4 Nc5 22. Nd6 Na4 23. c5 Nxc3 24. Qxc3 g6 25. hxg6 Rxg6 26. g3 Bxd6 27.
Rxd6 Rxd6 28. exd6 Qd7 29. Rh1 Qd8 30. f4 a6 31. Rd1 f6 32. Qd3 f5 33. d7 Ka7
34. Qb3 Kb8 35. Rd6 Rg7 36. Qxe6 Rxg3 37. Qe8 Rg1+ 38. Kc2 Rg2+ 39. Kc3 Rg3+
40. Kd4 Kc7 41. Qe5 b6 42. Rg6+ Kb7 43. Qe8 bxc5+ 44. Kc4 Qb6 45. d8=N+ Qxd8
46. Qxd8 Rxg6 47. Qd7+ Kb6 48. Qd8+ Kb7 49. Qe7+ Kb6 50. Qxc5+ Kb7 51. Qxf5 Rg1
52. Qh7+ Kb6 53. Qxh6 a5 54. f5 Rg4+ 55. Kd3 Rg3+ 56. Ke4 Rg2 57. Qe3+ c5 58.
f6 1-0

[Event "Michigan Amateur"]
[Site "Kalamazoo, MI"]
[Date "2000.07.30"]
[Round "4"]
[White "Brown, Dan"]
[Black "Skidmore, Jennifer"]
[Result "1-0"]
[WhiteElo "1715"]
[BlackElo "1867"]
[Annotator "Jeff Aldrich"]
[PlyCount "57"]
[EventDate "2000.07.29"]

{Indian: Knight} 1. Nf3 d6 {Knowing Jennifer, she probably played this move
with the idea of following it up with 2... e5 to a king-pawn opening. White's
next move prevents that and black gets into a position that she is obviously
unfamiliar with.} ({With} 1... Nf6 {black has a lot more flexibility to a more
familiar opening.}) 2. d4 Nf6 3. g3 Nbd7 4. Bg2 e6 5. c4 c6 6. Nc3 d5 7. b3 Bb4
8. Bd2 Qa5 9. Qc2 c5 10. O-O cxd4 11. Nxd4 dxc4 12. bxc4 O-O 13. a3 Bc5 14. Na4
Qd8 15. Nb3 Be7 {Black has spent the last several moves retreating most of her
deveoped pieces. White has plenty of open lines to take advantage.} 16. Rfd1
Qe8 17. c5 Rb8 18. Bb4 Nd5 19. Bxd5 exd5 20. Nc3 d4 21. Rxd4 a5 22. Nxa5 Bxc5
23. Re4 Qd8 24. Rd1 Qf6 25. Bxc5 Nxc5 26. Nd5 Qh6 27. Qxc5 b6 28. Ne7+ Kh8 29.
Ng6+ {Not waiting for the finish 29...Qxg6 30. Qxf8# or 29... hxg6 30. Qxf8+
Kh7 31. Rh4} 1-0

[Event "Michigan Amateur"]
[Site "Kalamazoo, MI"]
[Date "2000.07.30"]
[Round "5.7"]
[White "Blaine, Roger"]
[Black "Maldonado, Florentino"]
[Result "0-1"]
[WhiteElo "1723"]
[BlackElo "1245"]
[PlyCount "76"]
[EventDate "2000.07.29"]

1. f4 Nc6 2. Nf3 d5 3. e3 Bg4 4. b3 e5 5. h3 Bxf3 6. Qxf3 Bd6 7. Bb2 Nf6 8. Bb5
Qe7 9. Bxc6+ bxc6 10. Qg3 Nh5 11. Qg4 g6 12. O-O Rf8 13. f5 Nf6 14. Qe2 Rg8 15.
g4 Qd7 16. Kh1 Ne4 17. Qg2 gxf5 18. d3 Nc5 19. Rxf5 Qxf5 20. gxf5 Rxg2 21. Kxg2
Ke7 22. Nd2 Rg8+ 23. Kf2 e4 24. d4 Nd7 25. Nf1 Rg5 26. c4 Rxf5+ 27. Kg2 c5 28.
cxd5 Rxd5 29. Ng3 Rg5 30. dxc5 Rxg3+ 31. Kf2 Nxc5 32. Bd4 Nd3+ 33. Kf1 Rxh3 34.
Kg2 Rh2+ 35. Kg1 c5 36. Bc3 Re2 37. Rf1 Rxe3 38. Bf6+ Ke6 0-1

[Event "Michigan Amateur"]
[Site "Kalamazoo, MI"]
[Date "2000.07.30"]
[Round "5"]
[White "Avery, Bill"]
[Black "Hamood, Al"]
[Result "0-1"]
[WhiteElo "1851"]
[BlackElo "1561"]
[PlyCount "36"]
[EventDate "2000.07.29"]

1. d4 Nf6 2. Nf3 g6 3. c4 Bg7 4. Bf4 d5 5. e3 O-O 6. Nc3 c5 7. Be2 Nc6 8. O-O
dxc4 9. Bxc4 Nh5 10. Bg5 h6 11. Bh4 cxd4 12. exd4 g5 13. Nd2 Qxd4 14. Bg3 Nxg3
15. hxg3 Rd8 16. Qh5 Ne5 17. Bb3 Bg4 18. Qh1 Qxd2 0-1

[Event "Michigan Amateur"]
[Site "Kalamazoo, MI"]
[Date "2000.07.30"]
[Round "5.2"]
[White "Armstead, Curt"]
[Black "Brown, Dan"]
[Result "0-1"]
[WhiteElo "1847"]
[BlackElo "1715"]
[Annotator "Jeff Aldrich"]
[PlyCount "74"]
[EventDate "2000.07.29"]

{Dutch: Staunton (Lasker)} 1. d4 f5 2. e4 fxe4 3. Nc3 Nf6 4. Bg5 g6 5. f3 {
White sacrifices a pawn for development and open lines. This definitely works
as white takes the initiative in the position.} exf3 6. Nxf3 Bg7 7. Qd2 d6 8.
Bc4 Nc6 9. O-O Na5 10. Bd3 O-O 11. Rae1 Bd7 12. d5 c5 $6 ({The d-pawn is
eating up a lot of the space in black's position. He would be much better off
ridding himself of the creature with} 12... c6 {White cannot win the knight
with} 13. b4 Qb6+) 13. Kh1 c4 14. Be2 b5 15. a3 Nb7 16. Nd4 a6 17. Bf3 Rc8 18.
Re2 Rf7 19. Ne6 Qb6 20. Nxg7 Rxg7 21. Rfe1 Qd8 22. Qd4 ({Possibly} 22. Ne4 {
with the idea of remove the knight defending the king-side.}) 22... Nc5 23. h3
Rf7 24. Ne4 Qf8 25. Nxf6+ exf6 26. Bd2 Bf5 27. Bc3 Na4 28. Bb4 Nc5 29. Bc3 Rd8
30. Kh2 Bc8 $2 31. Re6 $6 ({On} 31. Ba5 {the rook has nowhere to go and
white's control of the e-file will decide the game.}) 31... Nd7 32. Bb4 Ne5 33.
Be4 Bxe6 {Now white has given up the exchange with no compensation.} 34. dxe6
Re7 35. Bd5 Kg7 36. g4 $2 {This does nothing more than expose his own king.}
Rxe6 37. Bxe6 Nf3+ 0-1

[Event "Michigan Amateur"]
[Site "Kalamazoo, MI"]
[Date "2000.07.30"]
[Round "5.10"]
[White "Aldrich, Jeff"]
[Black "Scioly, Tony"]
[Result "1-0"]
[WhiteElo "1944"]
[BlackElo "1599"]
[PlyCount "63"]
[EventDate "2000.07.29"]

1. d4 Nf6 2. c4 e6 3. Nf3 b6 4. g3 Bb7 5. Bg2 Ne4 6. O-O Nc6 7. a3 f5 8. Nbd2
d5 9. Qa4 Qd7 10. Rd1 Ne5 11. Qc2 Ng4 12. Nxe4 fxe4 13. Ne5 Nxe5 14. dxe5 Be7
15. Bxe4 Qc6 16. Bxh7 O-O-O 17. cxd5 Qxc2 18. Bxc2 Bxd5 19. e4 Bc6 20. Rxd8+
Rxd8 21. Be3 Bd7 22. b4 c5 23. bxc5 Bxc5 24. Bxc5 bxc5 25. Bb3 Kc7 26. Rd1 Bc8
27. Rxd8 Kxd8 28. Bc4 Ke7 29. f3 Bd7 30. Kf2 Ba4 31. Ke3 Bd1 32. h4 1-0

[Event "U.P. Open"]
[Site "Sault Ste. Marie, MI"]
[Date "2000.08.27"]
[Round "4"]
[White "Vandivier, Don"]
[Black "Hoak, Maria"]
[Result "1-0"]
[WhiteElo "1850"]
[BlackElo "924"]
[Annotator "Don Vandivier"]
[PlyCount "43"]
[EventDate "2000.08.??"]

1. e4 e5 2. Bc4 Nf6 3. Nf3 {Offering to go into the Kieritsky Gambit, of which
I know 24 moves deep :)} Nc6 4. d4 {Ok, I like the Max Lange Attack even
better!} d6 $2 {This is an inferior defence. Better was 4. exd} 5. Ng5 d5 6.
exd5 Nxd5 $2 {This allows the Fried Liver Attack which is supposed to win if
white can get into it after d4 has been played. Black could have played either
6... Nxd4 or 6... Na5} 7. Nxf7 $5 Kxf7 8. Qf3+ Ke6 9. Nc3 Nce7 10. Qe4 {I
wouldn't want to play black's position from here} Qd6 11. Bf4 $6 {I thought I
was playing brilliant chess, but completely missed the nice line} (11. dxe5
Qxe5 12. f3 c6 13. Bf4 Qxe4+ 14. fxe4) 11... Kd7 $1 12. dxe5 Nxc3 $1 {HORRORS!
This new 1200 player is going to crush me in my favorite variation! I'll never
be able to show my face at a chess tournament again! :(} 13. bxc3 Qg6 {My
attack is almost gone, I'm still a piece down, and now she wants to play like
a GM!} 14. Rd1+ Ke8 15. Qf3 {Setting a trap} Bg4 $2 {After 15...c6 or 15...Nc6
Black is fine and still has the piece.} 16. Qxb7 {I think she had planned 16...
Qc6 here with the idea of forcing a trade of queens, but then saw that after
16...Qc6?? 17 Bb5 pins and wins the queen.} Rd8 17. Rxd8+ Kxd8 {DARN! If I
play 18. 0-0 black plays Qc6 and after 19. Qb8 + Nc8 20. Bg5 + Be7 I have
nothing.} 18. e6 $1 Bxe6 19. Qb8+ $1 Nc8 $2 {The only move was 19... Kd7 when
I could take a perp or continue the attack} 20. Qxc7+ Ke8 21. Bb5+ Bd7 22.
Qxd7# 1-0

[Event "Michigan Open Reserve"]
[Site "Romulus, MI"]
[Date "2000.09.??"]
[Round "1.25"]
[White "Sobh, Hassan"]
[Black "Serwatowski, Felix"]
[Result "1-0"]
[WhiteElo "1681"]
[BlackElo "1315"]
[Annotator "Jeff Aldrich"]
[PlyCount "41"]
[EventDate "2000.09.01"]

{Sicilian: Macdonnell} 1. e4 c5 2. f4 d6 3. Nf3 Nf6 4. Nc3 e6 5. Be2 Be7 6. O-O
O-O 7. d3 Nc6 8. Be3 a6 9. d4 Ng4 10. Bf2 Nxf2 11. Rxf2 cxd4 12. Nxd4 Qc7 13.
a4 Rd8 14. Nf3 $2 b6 $2 ({Missing} 14... d5 $1 {threatening both 15... Bc5 and
15... dxe4}) 15. Kh1 Bf6 16. Bd3 Bb7 17. Ng5 Bd4 18. Rf1 e5 $2 {Creating a big
hole in his position, which is promptly filled.} 19. Nd5 Qb8 $2 {Allowing mate.
} 20. Qh5 h6 21. Nf6+ 1-0

[Event "Michigan Open Reserve"]
[Site "Romulus, MI"]
[Date "2000.09.??"]
[Round "1.29"]
[White "Schey, Danny"]
[Black "Krivochenitser, Roman"]
[Result "1-0"]
[WhiteElo "1600"]
[BlackElo "1189"]
[PlyCount "41"]
[EventDate "2000.09.01"]

{English: Closed Sicilian (Carls)} 1. c4 e5 2. Nc3 Nc6 3. g3 Nf6 4. Bg2 Bc5 5.
e3 O-O 6. Nge2 Re8 7. O-O e4 8. a3 d6 9. b4 Bb6 10. Bb2 Bf5 11. Nf4 Be6 12.
Nxe6 fxe6 13. Nxe4 Nxe4 14. Bxe4 e5 15. Qh5 Ne7 16. Qxh7+ Kf8 17. f4 Kf7 18.
fxe5+ Ke6 19. Qh3+ Nf5 20. Qxf5+ Ke7 21. Qf7# 1-0

[Event "Michigan Open Reserve"]
[Site "Romulus, MI"]
[Date "2000.09.??"]
[Round "4.25"]
[White "Moore, Martin"]
[Black "Dunlap, Robert"]
[Result "0-1"]
[WhiteElo "1505"]
[BlackElo "1632"]
[PlyCount "104"]
[EventDate "2000.09.01"]

1. d4 Nf6 2. Nf3 g6 3. e3 Bg7 4. Bd3 O-O 5. O-O d6 6. b3 c5 7. Bb2 cxd4 8. exd4
Nc6 9. c4 Bg4 10. Nbd2 e5 11. d5 Nb4 12. Be2 Re8 13. a3 Na6 14. Re1 Qb6 15. h3
Bf5 16. Nh4 Bd7 17. Bd3 e4 $1 18. Bc2 g5 19. Re2 gxh4 20. Nxe4 Nxe4 21. Bxg7
Kxg7 22. Bxe4 Nc5 23. Bc2 Rxe2 24. Qxe2 Re8 25. Qh5 Ne4 26. Qxh4 Bf5 27. Re1
Qd4 28. Kh2 Qe5+ 29. Kg1 Qd4 30. Kh2 Bg6 31. f3 Qf6 32. Rxe4 Qxh4 33. Rxh4 Bxc2
34. b4 Rc8 35. Rd4 Kf6 36. f4 Bb3 37. c5 dxc5 38. bxc5 Rxc5 39. d6 Bd5 40. Kg3
Ke6 41. Kg4 Kxd6 42. Kg5 Ke6 43. g4 Bg2+ 44. f5+ Ke5 45. Rd7 f6+ 46. Kh6 Rc3
47. Rxh7 Rxh3+ 48. Kg6 Rxh7 49. Kxh7 Bh3 50. g5 Bxf5+ 51. g6 Bxg6+ 52. Kxg6 f5
0-1

[Event "Michigan Open Reserve"]
[Site "Romulus, MI"]
[Date "2000.09.??"]
[Round "1.23"]
[White "James, Larry"]
[Black "Carpenter, George"]
[Result "1-0"]
[WhiteElo "1701"]
[BlackElo "1400"]
[PlyCount "71"]
[EventDate "2000.09.01"]

1. e4 d6 2. d4 Nf6 3. Nc3 g6 4. Nf3 Bg7 5. Bg5 Nbd7 6. Qd2 O-O 7. Bh6 c6 8.
Bxg7 Kxg7 9. O-O-O Qc7 10. Be2 b5 11. a3 a5 12. Bd3 Ba6 13. h4 b4 14. axb4 Bxd3
15. Qxd3 axb4 16. Nb1 Ra1 17. Rde1 Qa5 18. Qb3 e5 19. Nfd2 exd4 20. Qc4 Nc5 21.
Qxd4 Qb6 22. Qc4 d5 23. exd5 Nxd5 24. h5 Ra4 25. Nb3 Nxb3+ 26. Qxb3 Raa8 27.
hxg6 fxg6 28. Qh3 Nf6 29. Re7+ Rf7 30. Qe6 Raf8 31. Nd2 Qxf2 32. Rf1 Qd4 33.
Nb3 Qh4 34. Nd4 Rxe7 35. Qxe7+ Rf7 36. Ne6+ 1-0